Quizzes
Events
Quiz Creation
Community
Videos
Private Events
Remove Ads
Sign In
Join for FREE
Feedback
Dark Mode
Quiz Categories
Sports
Geography
Music
Movies
Television
Just For Fun
Miscellaneous
History
Literature
Language
Science
Gaming
Entertainment
Religion
Holiday
For Kids
Quiz Lab
Recent
Popular Today
Quiz Kudos Today
Editor Picks
Curator Picks
Quizzes by...
Day
Popularity
Type
Ratings
Length
Year
Community
Subscriptions
Recent Discussions
Orange Saloon
Badges
Playlists
Quests
Create
Leaderboards
Showdown
Live 5
Trivia Bingo
Activity
Puzzle Library
Sporcle Events
Private Events
Virtual Trivia
Globe League
Become a Host
Pub Owners
SporcleCon
Opinionation
Our Games
Videos
Blog
Mobile Apps
Partnerships
Remove Ads and Go Orange
Feedback
Language
Vocabulary
Begins and Ends
Definition
Spanish
French
German
Italian
Chinese
Latin
Translation
Japanese
Language
Vocabulary
Begins and Ends
Definition
Spanish
French
German
Italian
Chinese
Latin
Translation
Japanese
Random Quiz
Search Sporcle
×
Quiz Lab
Quiz Lab
Language
Insulting
Type in answers that appear in a list
Type in answers that appear in a list
Classic
Best Score? Go Orange.
A very INSULTING quiz! Stats
Can you name the answers?
By
sportcle
5m
10 Questions
8,782 Plays
8,782 Plays
8,782 Plays
Comments
Comments
Give Quiz Kudos
Give Quiz Kudos
-
- Ratings
hide this ad
Forced Order
Answers have to be entered in order
Answers have to be entered in order
Replay
Link that replays current quiz
Next Quiz
Link to next quiz in quiz playlist
You Got
0%
They Got
Avg Score
82%
Avg Friend Score
Upgrade to see
Score Distribution
Jump to the score distribution portion of the page
Score
0/10
Timer
05:00
0
Plays Today
question
answer/insult
% Correct
you need these to see
You're so dense that you'll probably run out of time before you finish this quiz!
94%
The opposite of 'win.' It rhymes with 'choose.'
It's L-O-S-E, not L-O-O-S-E. It's amazing how many people can't spell a simple four-letter word. Hopefully you got this question right on the first try.
93.4%
you sleep on one of these
Yo' momma so fat, when she walked by the TV you missed 3 episodes!
93.3%
you brush your teeth (or your only tooth) with this
You're so lame that you'll probably rate this quiz a '1' and then try to insult me in the comments section.
93.3%
the most southern US state
The answer is Hawaii. If you typed Florida or Texas, I gave it to you anyway because I knew you'd never get it, dummy.
92.9%
the brilliant Sporcle user that created this quiz
I'm glad you agree that I'm brilliant. Maybe you're not quite as dumb as I thought you were.
83.5%
the year Columbus discovered America
Facebook won't let you join because they already know that you have no friends.
82.6%
the best selling item at McDonalds
I'm not surprised that you got this one right, since you probably WORK there!
82.4%
the best player on the 2009 New York Yankees
It's A-ROD, not Jeter. Why don't you go to the library and brush up on your ignorance?
71.4%
the longest river in the USA
You probably tried MISSOURI and MISSISSIPPI, didn't you? Sorry, but neither of those is right in this quiz. Why not? Because I said so, jerky.
39.9%
Quiz Playlist
Details
Report
Send in Message
Add To Playlist
Classic:
Type in answers that appear in a list
Forced Order:
Answers have to be entered in order
Last Updated: Feb 16, 2017
Quiz Scoreboard
CHALLENGE
Sign Up to Join the Scoreboard
Show All
Scores
Hide
Comments
May contain spoilers
Recently Published
An Introduction to Baseball
by treessimontrees
Sports
5m
Movies - When Are They Set?
by FPL_Elf
Movies
5m
Popular People in 1961
by mucciniale
History
6m
More to Explore
Quiz From the Vault
Featured Blog Post
Where Did the Easter Bunny Come From?
hide this ad
You Might Also Like...
Tags
insult
Insulting
Today's Top Quizzes in Language
Browse Language
hide this ad
Today's Top Quizzes in Insulting
Browse Insulting
Top Contributed Quizzes in Language
1
1-10 Letter F Words III
2
Order Up: Top 10 Most Native Spoken Languages
3
1-10 Letter G Words III
4
1-10 Letter H Words III
5
One Thing in Common: Italy
6
1-10 Letter I Words III
7
Weisst du, aus welchen Sprachen diese Wörter stammen?
8
1-10 Letter J Words III
9
Begins and Ends With AN
10
Celtic Nations in their Language
Explore More
Trending Topics
Harry Potter
Kpop
Marvel
Anime
NBA
Disney
Crossword
WWE
Soccer
Song
The Office
Pokémon
Puzzle
NFL
Country
hide this ad
More By:
sportcle
Quiz
Plays
Rating
Category
Featured
Created
A very INSULTING quiz!
8,782
1.80
Language
Oct 16, 2009
The World's Hardest Spelling Test
3,075
3.04
Language
Oct 23, 2009
Baseball Jargon / Lingo
1,461
2.89
Sports
Oct 13, 2009
Misconceptions, misnomers, & misquotes
1,116
2.86
Just For Fun
Oct 22, 2009
Go to Creator's Profile
Score Distribution
Quiz Creator Spotlight
sportcle
Follow
Send a Message
Quizzes Created
-
Created Quiz Play Count
-
More By This Creator
Popular Quizzes Today
1
Find the Countries of Europe - No Outlines Minefield
2
Find the US States - No Outlines Minefield
3
The Countries of the World
4
Popular People in 1961
5
US States
6
Find the US States
7
1-10 Letter E Words III
8
Risky Map Clicking: Biggest States A-Z
More Language Quizzes
Turkeys in Translation
Editor's Pick
Trending Quizzes
Risky Map Clicking: Least Populous States A-Z
1-10 Letter F Words
1-10 Letter G Words
Not Quite an Element Typing Challenge
One Thing in Common: United Kingdom
Recently Updated
Leaping Animals
pecheneg
Reality TV Shows (A-Z)
bhenderson79
Rickey Henderson's Hall of Fame Teammates
pecheneg
Champions League XIs: Arsenal
pecheneg
Quick Pick: Celebrities in WWE's Hall of Fame
aduchscher
A-Z Keypad Blitz II
pecheneg
Multiple Oscar Actors
pecheneg
Mystery Phrase Blitz: Oscar 'Best Actors'
pecheneg
F. Scott Fitzgerald Novels
LTH
Pick 3 Villains
ddd62291
Trending Topics
NBA
Anime
Harry Potter
Marvel
Crossword
Kpop
Disney
WWE
Song
The Office
Country
Pokémon
Puzzle
NFL
Soccer
Your Account Isn't Verified!
In order to create a playlist on Sporcle, you need to verify the email address you used during registration. Go to your
Sporcle Settings
to finish the process.
Report this User
Report this user for behavior that violates our
Community Guidelines
.
Details:
Send Report
Go to the Sporcle.com Mobile Site →
Comments